Analýza nákladov stavebného diela v investičnom procese

Guardado en:
Detalles Bibliográficos
Autor principal: Ellingerová, Helena, 1962- (Autor)
Otros Autores: Trávnik, Igor, 1942- (Revisador), Tichá, Alena (Revisador), Bollová, Gabriela, 1942- (Revisador)
Formato: Manuscrito Libro
Lenguaje:eslovaco
Publicado: Bratislava : Slovenská technická univerzita v Bratislave 2015
Edición:1. vyd.
Colección:Edícia vedeckých prác
Materias:
Etiquetas: Agregar Etiqueta
Sin Etiquetas, Sea el primero en etiquetar este registro!

MARC

LEADER 00000ntm a22000003a 4500
001 0009294
003 SK-STU
005 20160824144642.4
007 ta
008 151124s -------||||||||||-1||-||----d
020 |a 978-80-227-4345-7 
041 0 |a slo 
044 |a xo 
100 1 |4 aut  |9 100  |a Ellingerová, Helena,  |d 1962-  |u 010270  |r Z1  |U SvF Stavebná fakulta  |T SvF Katedra technológie stavieb  |X 925  |U V270  |Y 28  |7 A000000925 
242 0 0 |a The Analysis of Construction Costs in the Investment Process  |y eng 
245 1 0 |a Analýza nákladov stavebného diela v investičnom procese 
250 |a 1. vyd. 
260 |a Bratislava :  |b Slovenská technická univerzita v Bratislave  |c 2015 
300 |a 143 s. 
490 1 |a Edícia vedeckých prác 
650 |a investičný proces 
650 |a cena 
650 0 4 |a náklady 
700 1 |a Trávnik, Igor,  |d 1942-  |r Z8  |4 rev  |X 665  |7 A000000665 
700 1 |a Tichá, Alena  |r Z6  |4 rev 
700 1 |a Bollová, Gabriela,  |d 1942-  |r Z8  |4 rev  |X 1003  |7 A000001003